Markov decision processes with their applications

Αποθηκεύτηκε σε:
Λεπτομέρειες βιβλιογραφικής εγγραφής
Κύριος συγγραφέας: Hu, Qiying
Άλλοι συγγραφείς: Yue, Wuyi
Μορφή: Βιβλίο
Γλώσσα:English
Δημοσίευση: New York : Springer, c2008
Σειρά:Advances in mechanics and mathematics ; ; 14
Θέματα:
Ετικέτες: Προσθήκη ετικέτας
Δεν υπάρχουν, Καταχωρήστε ετικέτα πρώτοι!

MARC

LEADER 00000nam a2200000 i 4500
001 1/80965
008 080408s2008 eng d
020 |a 978-0-387-36950-1 
035 |l 10096353 
040 |a GR-MY-UA  |b gre  |e aacr 
041 0 |a eng 
082 0 |a 519.233  |2 (22) 
100 1 |a Hu, Qiying. 
245 1 0 |a Markov decision processes with their applications /  |c by Qiying Hu, Wuyi Yue 
260 |a New York :   |b Springer,   |c c2008 
300 |a xiv, 297 σ.;  |b εικ.;  |c 25 εκ. 
490 1 |a Advances in mechanics and mathematics  |v ; 14 
504 |a Περιέχει βιβλιογραφικές παραπομπές σ. ([287]-294) και ευρετήριο 
650 0 0 |a Markov processes. 
650 0 0 |a Statistical decision. 
650 0 0 |a Discrete-time systems  |x Mathematical models. 
700 1 |a Yue, Wuyi. 
830 0 |a Advances in mechanics and mathematics ;  |v ; 14 
852 |a INST  |b CHIOS  |e 20080408  |h 519.233 HU  |p 005200027437  |q 005200027437  |t BK  |y 0 
852 |a INST  |b SAMOS  |e 20080410  |h 519.233 HU  |p 005300026518  |q 005300026518  |t BK  |y 0 
901 |a BIBL3-2008-1 
901 |a BIBL2-2008-1 
909 |a Σ  |b 151342 
909 |a Χ  |b 151716 
922 |a 3ΕΛΗ  |b 200803  |c ΕΠΕΑΕΚ2/ΤΜΗΜΑ ΜΑΘΗΜΑΤΙΚΩΝ  |d ΠΑΠΑΣΩΤΗΡΙΟΥ 
922 |a 2ΕΛΗ  |b 200803  |c ΕΠΕΑΕΚ2/ΤΜΟΔ  |d ΕΛΕΥΥΕΡΟΥΔΑΚΗΣ 
970 |a ΒΑΡΦΗΣ  |b ΒΑΓΓΕΛΗΣ  |z 2008/04/08